S Lúčnicou za potleskom

Bibliographic Details
Main Author: Nižnánsky, Jozef, 1903-1976 (Author)
Format: Article
Language:Slovak
PhysicalDescription:Obr. 2.
Subjects:

MARC

LEADER 00000nab a2200000 a 4500
001 vtls000045712
003 SK-MaSNL
005 20260305005905.0
008 111103c1979 xo 0 slo
015 |a SNBRB19rr/mm-uuuuu 
035 |a CL0055807 
040 |a SNKBUCL  |b slo  |c SNKBUCL  |e AACR2 
041 0 |a slo 
044 |a xo  |c SK 
080 |a 784  |2 1981 
100 1 |a Nižnánsky, Jozef,  |d 1903-1976  |4 aut  |9 110616 
245 1 0 |a S Lúčnicou za potleskom  |c Jozef Nižnánsky 
300 |b Obr. 2. 
610 2 7 |a Lúčnica (umelecký súbor)  |2 snkbucl  |9 33124 
650 0 7 |a folklórne súbory  |2 snkbucl  |9 28685 
650 0 7 |a spevácke zbory  |2 SNKPH  |9 3197 
651 7 |a 5100  |2 snkbucl  |9 166206 
655 7 |a články z novín a časopisov  |2 snkbucl  |9 267496 
773 0 |t Večerník  |g Roč. 24, č. 221 (9. 11. 1979), s. 6 
850 |a Slovenská národná knižnica v Martine  |a MTA001 
852 |a SNK  |b KIS3GCP 
958 |a RK 
992 |a RBX 
999 |c 3243211  |d 3245141